Statistics for Musicians With Alliterative Names

Click here to take the quiz!

General Stats

  • This quiz has been taken 547 times
  • The average score is 15 of 55

Answer Stats

LetterFamous SongBand or Artist% Correct
(The) BBKokomoThe Beach Boys
67%
BB(You Gotta) Fight For Your Right (To Party!)Beastie Boys
66%
DDHungry Like the WolfDuran Duran
63%
BBI Want It That WayBackstreet Boys
62%
TTWhat's Love Gotta Do With ItTina Turner
61%
GGI Will SurviveGloria Gaynor
59%
JJI Love Rock'n RollJoan Jett
56%
CCDo You Really Want To Hurt MeCulture Club
51%
JJMe and Bobby McGeeJanis Joplin
50%
OOCrazy TrainOzzy Osbourne
50%
SSWe Are FamilySister Sledge
45%
JJThat's the Way Love GoesJanet Jackson
42%
BBMy PrerogativeBobby Brown
41%
FFTake Me OutFranz Ferdinand
41%
CCMr. JonesCounting Crows
39%
FFBest of YouFoo Fighters
37%
LLBleeding LoveLeona Lewis
36%
LLCoal Miner's DaughterLoretta Lynn
36%
LLLa BambaLos Lobos
36%
CC(I Just) Died in Your ArmsCutting Crew
32%
DDNothin' But a 'G' ThangDr. Dre
32%
G-GOur Lips Are SealedGo-Go's
32%
KKJumpKris Kross
32%
SSI Don't Feel Like Dancin'Scissor Sisters
31%
(The) TTThat's Not My NameThe Ting Tings
29%
TT867-5309/JennyTommy Tutone
28%
JJIs She Really Going Out With Him?Joe Jackson
25%
RRCar WashRose Royce
25%
YYYZeroYeah Yeah Yeahs
24%
MMThe Dope ShowMarilyn Manson
23%
MMFloat OnModest Mouse
23%
LLStay (I Missed You)Lisa Loeb
22%
JJRight Here, Right NowJesus Jones
16%
BBThe Diary of JaneBreaking Benjamin
15%
BBLet Your Love FlowBellamy Brothers
14%
RRThe Boss (Featuring T-Pain)Rick Ross
14%
CCBubblyColbie Caillat
13%
JJUpside DownJack Johnson
13%
A&APotential Breakup SongAly & AJ
12%
FFF100 YearsFive For Fighting
12%
MMCandyMandy Moore
10%
TTDelta DawnTanya Tucker
10%
DDPerhaps, Perhaps, PerhapsDoris Day
9%
A&AThe AdventureAngels & Airwaves
8%
PPFreek-a-LeekPetey Pablo
8%
PPHomePhillip Phillips
8%
SSStayShakespears Sister
8%
TTHere's a Quarter (Call Someone Who Cares)Travis Tritt
8%
PPCaliforniaPhantom Planet
7%
SSThrough GlassStone Sour
7%
LLCowboy ManLyle Lovett
6%
MMThis One's For the GirlsMartina McBride
6%
HHHGoodnight GoodnightHot Hot Heat
5%
LLConfessions of a Broken HeartLindsay Lohan
4%
RRRDying Is FineRa Ra Riot
2%

Score Distribution

Percentile by Number Answered

Percent of People with Each Score

Your Score History

You have not taken this quiz